000 00687nam a2200265 a 4500
003 AR-BaBNM
005 20251128203301.0
008 082120s2002 ||||||||||||||000 | spa||
040 _cAR-BaBNM
100 1 _aBlyton, Enid
245 0 0 _a¡Adelante, "siete secretos!"
250 _a4ª ed.
260 _aBarcelona
_bJuventud
_c1971
300 _a126 p.
_bil.
490 0 _aSiete secretos. Club de los cinco
_vv. 5
650 4 _aLIBROS PARA NIÑOS
650 4 _aLITERATURA INFANTIL
653 _aNOVELA DE AVENTURAS
653 _aNARRATIVA
655 _aLITERATURA
700 1 _aBalzola, Ana
_etraductor
700 1 _aKay, Bruno
_eilustrador
942 _cBK
998 _cMARTIN
999 _c2710
_d2710